000 00793nab a2200241u 4500
001 07770
003 HDC
007 c| |||a|c|aaaa
008 210128b20171222my ||||| |||| 00| 0 may d
040 _aHDC
100 _aNurhayati Abllah
_eauthor
_98025
245 0 _aHab Industri Halal Metronic sasar 10 syarikat tempatan
_cNurhayati Abllah
336 _atext
_2rdacontent
337 _acomputer
_2rdamedia
338 _aonline resource
_2rdacarrier
650 _aHalal Metronic
_98314
650 _aMetronic Global Bhd
_98315
710 _aBerita Harian
856 _zRequest full-text at [email protected]
942 _2lcc
942 _cNEWS
942 _kNWSC 001435
999 _c5093
_d5093